000 01914nam a2200421 c 4500
999 _c33800
_d33800
003 BLK
005 20230811005151.0
008 180408b bul|||||r ||||||| ||bul||
010 _aKNG00036493000
040 _aBLK
041 _aBUL
_cBUL
072 7 _2bullib
_aК
_xКраезнание
080 _aСветци. Почитане на светците. Блажени. Застъпничество на светците за хората. Канонизация. Агиграфия Вж и 264-1
_b235.3
_x(497.2)(092)
_z235.3(497.2)(092)
080 _aПреподобни Димитрий Басарбовски - с. Басарбово, Русенско
_b929 Димитрий Басарбовски, св.
_z929 Димитрий Басарбовски, св.
139 _aКратко житие на преподобни Димитрий Басарбовски
_bД 58
245 1 0 _aКратко житие на преподобни Димитрий Басарбовски
257 _aBGR
260 _bПравославно християнско д-во Св. Димитрий Басарбов
_c1994
_fРусе : Универсис
300 _a16 с.
_bсъс сн.
_c19 см
380 _a2
600 1 4 _aДимитрий Басарбовски, св.
_9270014
650 4 _aДимитрий Басарбовски, св.
_9270014
650 7 _aСветци, български
_2
_9170331
651 4 _aБългария
_9241624
653 _aсв. Димитрий Басарбовски
653 _aбългарски светци
653 _aправославна църква
659 _aК
852 _aЦб 208953
852 _aК 2(497.2)(092)/Д 58
856 4 _qpdf
856 4 _qpdf
942 _cKNG
_n0
_01
_s1
944 _aCR
_c15.01.2003
_lCRON CRON
_k
944 _aED
_c18.12.2013
_lф /
999 _d33800
999 _d33800